000
00328nam a2200145Ia 4500
005
20251222151332.0
008
251222s9999||||xx |||||||||||||| ||spa||
020
_a
8448118839
082
_a
339/D92
100
_a
Dornbusch, Rudiger
245
0
_a
MacroeconomÃa
250
_a
6ta. ed.
264
_b
McGraw- Hill
942
_c
LIB
999
_c
24137
_d
24137